Elbizonytalanodtak a szülők a nyolcéves gimnáziumok megszünésétől tartanak

Podrobná bibliografia
Médium: Článok
Jazyk:maďarčina
ISSN:1335-7050
Predmet:

MARC

LEADER 00000nab a2200000 a 4500
001 vtls009284864
003 SK-MaSNL
005 20260319070823.0
008 080414 20080411xo | || | |00 0 hun|
038 |a NZKAB 
040 |a NZKAB  |b slo  |c NZKAB  |e AACR2 
041 0 |a hun 
044 |a xo  |c SK 
080 |a 37  |2 1997 
245 0 0 |a Elbizonytalanodtak a szülők  |b a nyolcéves gimnáziumok megszünésétől tartanak  |c [szerző] (száz) 
600 1 7 |a Száraz, Dénes  |x riaditeľ  |z Nové Zámky  |2 nzkab  |9 1040925 
610 2 7 |a Gymnázium Petra Pázmáňa s vyučovacím jazykom maďarským (Nové Zámky, Slovensko)  |2 nzkab  |9 1035807 
648 7 |a 2008  |2 nzkab  |9 317238 
650 0 7 |a prijímacie pohovory  |2 nzkab  |9 67194 
651 7 |a Nové Zámky (Slovensko)  |2 nzkab  |9 15884 
773 0 |t Új Szó  |g Évf. 61, sz. 85 (11.4.2008), o. 5  |x 1335-7050 
852 |a NZKAB  |b KIS3GCP 
958 |a RG 
958 |a HU 
999 |c 1722274  |d 1724204